Handball Jugendbundesliga mA 25/26 (JBLH) - Statistiken

Allgemein
  • Dieses Quiz wurde 73 mal gespielt
  • Das Durchschnittsergebnis liegt bei 20 aus 40
Antwortstatistiken
% Korrekt
3 THW Kiel
95%
2 Füchse Berlin
88%
8 HSV Hamburg
88%
9 SG Hamburg-Nord
88%
3 HC Erlangen
86%
6 Rhein-Neckar Löwen
81%
1 SC Magdeburg
81%
5 SG Flensburg-Handewitt
81%
5 TVB Stuttgart
72%
6 1. VfL Potsdam
67%
7 SC DHfK Leipzig
67%
1 HT München
63%
4 TSV Burgdorf
63%
3 MT Melsungen
58%
1 VfL Gummersbach
56%
7 Frisch Auf Göppingen
53%
3 HC Bremen
53%
6 HSG Handball Lemgo
51%
5 TuSEM Essen
49%
1 JANO Filder
47%
4 JSG Balingen-Weilstetten
47%
4 TSV GWD Minden
47%
9 HC Empor Rostock
44%
10 SG BBM Bietigheim
42%
9 VfL Eintracht Hagen
42%
10 Bergischer HC
40%
2 TSV Bayer Dormagen
40%
8 HSC 2000 Coburg
37%
5 MTV Lübeck
37%
10 HLZ Friesenheim-Hochdorf
35%
10 VFL Horneburg
35%
8 HSG Dutenhofen/Münchholzhausen
28%
9 HSG Hanau
23%
6 HSG Rodgau Nieder-Roden
23%
2 interaktiv.handball Düsseldorf/Ratingen
23%
2 SG Pforzheim-Eutingen
23%
4 SF Budenheim
19%
8 TV Emsdetten
19%
7 HG Oftersheim/Schwetzingen
16%
7 TV Bissendorf-Holte
14%
Keine übereinstimmenden Quizze gefunden
Verteilung der Resultate
Anzahl Personen mit jedem Resultat
Perzentil nach korrekt beantworteten Fragen
Ihre Resultats-Entwicklung
Sie haben dieses Quiz noch nicht gespielt